000 00471cam a22002054a 4500
005 20250605164318.0
008 250528s ||||||||||||||||||||||||d
035 _a22769
020 _a9780471983125
040 _aGR-AtMCL
_bgre
_dGR-AtMCL
_eAACR2
245 1 _aHYPERMEDIA AND THE WEB
250 _a1
260 _bWiley,
_c1999
300 _a599
700 1 _aHall Wendy
_93776
700 1 _aLowe David
_94581
942 _cBK
999 _c7814
_d7814